Cesta k otvorenej vede praktická príručka pre doktorandov

Gespeichert in:
Bibliographische Detailangaben
1. Verfasser: Berti, Johann
Weitere Verfasser: Dacos, Marin, Gallezot, Gabriel
Format: Buch
Sprache:Slowakisch
Veröffentlicht: Bratislava Vydavateľstvo otvorenej vedy, Centrum vedecko-technických informácií SR 2022
Ausgabe:1. vydanie
Schlagworte:
Tags: Tag hinzufügen
Keine Tags, Fügen Sie das erste Tag hinzu!

MARC

LEADER 00000nam a2200000 4500
001 0290600
005 20230912135453.0
041 0 |a slo 
044 |a SK 
245 1 0 |a Cesta k otvorenej vede  |b praktická príručka pre doktorandov  |c Johann Berti ... [et al.] 
250 |a 1. vydanie 
264 1 |a Bratislava  |b Vydavateľstvo otvorenej vedy, Centrum vedecko-technických informácií SR  |c 2022 
300 |a 46 s. 
610 2 0 |a veda 
610 2 0 |a výskum 
610 2 0 |a práce výskumné 
610 2 0 |a práce kvalifikačné 
610 2 0 |a zdroje informácií 
610 2 0 |a dáta 
610 2 0 |a hodnotenie výskumu 
100 1 |a Berti, Johann 
700 1 |a Dacos, Marin 
700 1 |a Gallezot, Gabriel